000 00818nam a2200229Ia 4500
001 10299
003 GE_BSU
008 181216s||||||||xx |||||||||||||| ||und||
040 _cGE_BSU
080 _a821.353.1–31+821.353.1-32
100 _aურჯუმელაშვილი, ვანო
245 _aმოსკოვი ქვეყნად ერთია
245 _b[რომანი და მოთხრობა]
245 _cრედ.გრ.ჯულუხიძე.მხატვ.ა.თოდრია
260 _aთბილისი
260 _bმერანი
260 _c1975
300 _a480გვ.20სმ.
653 _a[რომანი და მოთხრობა]
653 _aმოსკოვი ქვეყნად ერთია
942 _cBK
999 _c43566
_d43566